All countries who have ever bordered Turkey - Statistics

General Stats
  • This quiz has been taken 46 times
  • The average score is 11 of 13
Answer Stats
Year Answer % Correct
1991- Armenia
100%
1923- Greece
100%
1991- Azerbaijan
98%
1923- Bulgaria
98%
1991- Georgia
98%
1946- Syria
98%
1923- Iran
95%
1932- Iraq
95%
1923-1991 Soviet Union
93%
1974- Cyprus
86%
1923- United Kingdom
86%
1923-1940 France
74%
1940-1945 Vichy France
14%
No matching quizzes found
Score Distribution
Percent of People with Each Score
Percentile by Number Answered
Your Score History
You have not taken this quiz